| 000 | 00737nam a22001817a 4500 | ||
|---|---|---|---|
| 003 | BD-ChCU | ||
| 005 | 20231127104233.0 | ||
| 008 | 231127b bg ||||| |||| 00| 0 ben d | ||
| 020 | _a9847011601199 | ||
| 040 | _cBD-ChCU | ||
| 082 |
_222 _a৩৭০.১ ভূঁই ১ শি |
||
| 100 |
_aভূঁইয়া, আনোয়ারুল্লাহ _93628 |
||
| 245 |
_aশিক্ষাদর্শন : _bতত্ত্ব ও ইতিহাস / _cআনোয়ারুল্লাহ্ ভূঁইয়া |
||
| 260 |
_aঢাকা : _bঅন্বেষা, _cc২০১০ |
||
| 300 |
_a৪৫৫পৃ. : _c22 cm. |
||
| 650 | 0 |
_aশিক্ষা দর্শন শিক্ষা _93627 |
|
| 942 |
_2ddc _cBK _n0 |
||
| 999 |
_c103376 _d103376 |
||